Регионална библиотека "Любен Каравелов" - Русе

Urania Pflanzenreich (Запис номер 61891)

MARC детайли
000 -Лидер
Контролно поле с фиксирана дължина 00873nam a2200301 c 4500
003 - Код на организацията, давaща контролен номер
Контролно поле BLK
005 - Дата и час на последна редакция
Контролно поле 20180420223055.0
008 - Елементи от данни с фиксирана дължина
fixed length control field 180408b bul|||||r ||||||| ||bul||
010 ## - Наследен системен номер
LC control number KNG00066099000
040 ## - Източник на каталожния запис
Идентификатор на билиотеката - собственик на записа BLK
041 ## - Код за език
Код за езика на текст/звукозапис или на отделно заглавие Немски
Код за езика КДБФ Немски
080 ## - УДК
Текстов определител УДК Обща ботаника
УДК код - определител по УДК 581
УДК определител
УДК - код + определител 581
139 ## - Редно поле
Редна дума Urania Pflanzenreich
Авторски знак Ur - U 73
245 10 - Сведения за заглавието
Заглавие Urania Pflanzenreich
Подзаглавни данни In 3 Bd.
Том Bd. 2
Заглавие на том Hohere Pflanzen 1
260 ## - Област на издателските данни
-- Leipzig; et al.
Име на издателя, разпространителя и проч. Urania
Година на издаване 1971 -
300 ## - Физическа характеристика
Размери/Мащаб 27 см
380 ## - Жанр
Жанр Естествени науки. Математика
650 #4 - Допълнително описание по предмет – тема
Основно описание – тема или топоним Ботаника
9 (RLIN) 149099
650 #4 - Допълнително описание по предмет – тема
Основно описание – тема или топоним Растения
9 (RLIN) 168966
653 ## - Ключова дума – ненормативна
Ключова дума растения
653 ## - Ключова дума – ненормативна
Ключова дума ботаника
760 1# - Описание на основната серия
Място на издаване, издател и година 1971
Страници - том 510 с., 27 см
Заглавие Bd. 2 Hohere Pflanzen 1
852 ## - Местоположение
Форматна сигнатура Цб ІІ 4513
856 4# - Електронен адрес и достъп
Електронен формат pdf - файл
Път до файла /url/
856 4# - Електронен адрес и достъп
Електронен формат pdf - файл
Път до файла /url/
942 ## - АРТИКУЛИ
Вид на библиотечния материал Книги
Скрит в OPAC Не
944 ## - СЪЗДАВАНЕ И РЕДАКЦИЯ на ЗАПИСА
Създаване/Редакция Създаване
Дата на регистрацията/редакция 13.06.2004
Служител, извършил регистрацията/редакцията Кети_Илиева
944 ## - СЪЗДАВАНЕ И РЕДАКЦИЯ на ЗАПИСА
Създаване/Редакция Редакция
Дата на регистрацията/редакция 30.10.2015
Служител, извършил регистрацията/редакцията Ирена_Линкова
999 ## - СИСТЕМНИ КОНТРОЛНИ НОМЕРА
Koha biblionumber 61891
Koha biblioitemnumber 61891
Наличности
Код за отписване Код за изгубен артикул Източник на класификационната схема Код за повреда Код за отдаване Артикулен № Име на библиотеката - собственик Име на библиотеката, в която се намира в момента Статус (Текущо местоположение) Дата на вписване в системата Местоположение - отдел Цена в лева Инвентарен номер Систематично азбучна сигнатура Баркод Номер на екземпляра Цена в евро Служебна бележка Служебен тип на артикула
  Не е изгубен Universal Decimal Classification Не е повреден ползва се в читалня 102890 Регионална библиотека "Любен Каравелов" Русе Регионална библиотека "Любен Каравелов" Русе Основен фонд - ползва се само за читалня 1993-01-01 Хранилище 6.62 129102 Цб ІІ 4513 120000129102 1 3.38 Дата инв: 17.03.2017 Бележки инв: Ч2017 Книги
Vip Innovations Ltd, Rousse, Bulgaria 2025